| 000 | 00430nam a2200157Ia 4500 | ||
|---|---|---|---|
| 008 | 151021s9999 xx 000 0 und d | ||
| 020 | _a791511081 | ||
| 050 | _aPE 1128 .L 1988 | ||
| 245 | _a_Reading For Concepts (2ed ed) | ||
| 260 | _aU.S.A Don Heading 1988 | ||
| 300 | _a192p,;Ill | ||
| 500 | _aIncludes Index | ||
| 500 | _aIncludes Index | ||
| 650 | _a_A migration to America | ||
| 980 | _a^d20120827 03:49:24^okorir | ||
| 999 |
_c12521 _d12521 |
||